000 00645cab a2200241 4500
001 ABS44285
008 090401t1991 xxu||||| |||| 00| 0 eng d
035 _a(Sirsi) u46365
041 _aeng
100 _aWebster, P.
245 3 _aAn outline of the French town and country planning system
260 _c1991
350 _a0
490 _aJournal of Property Finance
_v1 (4) Spring 1991, 584-587 (4)
520 _aOutlines the French town and country planning system .
650 _aFRANCE
650 _aLAW
650 _aPLANNING
650 _aREGIONAL POLICY
690 _aOVERSEAS-EUROPE
942 _n0
948 _c04/03/1997
999 _c29331
_d29331